00778nam a2200205 a 4500020002700000020003000027082001200057100002800069245004100097250001700138260004200155300001300197500001200210650004700222856007000269942000700339999001300346952011200359952010100471 a0072317841 (hardcover) a9780072317848 (hardcover) a547 DEN1 aDenniston, Katherine J.10aGeneral, organic, and biochemistry / a3rd Edition. aNew YorkbMcgraw-Hill College,c2001. a880 p. ; aImport. achemistryaOrganic chemistryaBiochemistry40uhttp://www.amazon.com/exec/obidos/ASIN/0072317841/chopaconline-20 cBK c260d260 0010708NFICaICbICcGENd2015-03-01l1o547 DENp004898r2022-11-17 00:00:00s2020-02-15w2015-03-01yBK 0010708NFICaICbICcGENd2015-03-01l0o547 DENp003397r2015-03-01 00:00:00w2015-03-01yREF